000 00811nam a2200217 i 4500
001 52797
003 ES-MaACL
005 20250730063105.0
007 t|
008 030904s1968 sp ||||1| baq d
100 1 _aDechepare, Bernard,
_dca. 1480-1545
_943164
245 1 0 _aOlerkiak
_b: Bernat Dechepare 1545 /
_cBernat Dechepare ; [introducción de Luis Mitxelena ; versiones del euskera al castellano Patxí Altuna y del eudkera al francés Miren Intxaustí].
260 _aSan Sebastián :
_bEdili,
_c[1968]
300 _a196 p. ;
_c20 cm.
500 _aCuadernillo aparte con la introducción.
700 1 _aMichelena, Luis.
_980916
700 1 _aAltuna, Patxi,
_d1927-2006
_920563
700 1 _aIntxaustí, Miren.
_965354
852 _aES-MaACL
_jC-50277
_bR.67872
999 _c52797
_d52797